000 01006nam a22001937a 4500
005 20240221131546.0
010 _aB-757887-895
020 _c495.00
_a9788189198275
035 _aB-757887-895
037 _bहरबंस लाल एंड संस
082 _a370.113
100 _aबसु, अनुराग
_962349
245 _aसही सोच सही कैरियर /
_cअनुराग बसु
260 _aनई दिल्ली
_bहरबंस लाल एंड संस
_c2023
270 _aडी-38, निहाल विहार
_bनई दिल्ली
_e110041
300 _a160 पृ..
_c22सेमी (सजिल्द)
942 _2ddc
_cHN
_h370.113
_mबसुअ
999 _c200375
_d200375